000 00399nam a22001457a 4500
999 _c7646
_d7644
005 20210316154358.0
008 210316b ||||| |||| 00| 0 eng d
082 _a346.066
100 _aAIYAR, A.N.
_96466
245 _aCOMPANY CASES THE CORPORATE LAW WEEKLY [VOL- 130]
260 _aCHENNAI
_bCOMPANY LAW INSTITUTE OF INDIA
_c2006
300 _ai-xxxi;736,p
650 _aLAW
_95701
942 _cJRL